NBA Playoffs Top 100 All-Time: Points - Statistics

General Stats
  • This quiz has been taken 1,284 times
    62 since last reset
  • The average score is 64 of 100
Answer Stats
# Player Points % Correct
10 Jerry West 4,457
100%
1 LeBron James 8,335
100%
14 James Harden 3,945
98%
4 Kobe Bryant 5,640
98%
5 Shaquille O'Neal 5,250
98%
11 Stephen Curry 4,147
98%
2 Michael Jordan 5,987
96%
3 Kareem Abdul-Jabbar 5,762
94%
7 Kevin Durant 5,008
94%
28 Russell Westbrook 3,035
91%
15 Larry Bird 3,897
89%
18 Magic Johnson 3,701
89%
6 Tim Duncan 5,172
89%
22 Wilt Chamberlain 3,607
89%
44 Jaylen Brown 2,670
87%
8 Karl Malone 4,761
87%
29 Klay Thompson 3,032
87%
60 Kyrie Irving 2,211
87%
45 Nikola Jokić 2,625
87%
43 Bill Russell 2,673
85%
79 Draymond Green 1,934
85%
17 Hakeem Olajuwon 3,755
85%
25 Kawhi Leonard 3,133
85%
59 Moses Malone 2,213
85%
70 Roger Brown 2,060
85%
20 Scottie Pippen 3,642
85%
12 Tony Parker 4,045
85%
19 Dirk Nowitzki 3,663
83%
54 Giannis Antetokounmpo 2,270
83%
32 Jayson Tatum 2,980
83%
9 Julius Erving 4,580
83%
27 Manu Ginóbili 3,054
83%
31 Chris Paul 2,981
81%
26 Dennis Johnson 3,116
81%
T96 Joe Johnson 1,828
81%
46 Kevin Garnett 2,601
81%
73 Kevin Johnson 2,026
81%
13 Dwyane Wade 3,954
79%
24 Paul Pierce 3,180
79%
16 John Havlicek 3,776
77%
75 Bob Cousy 2,018
74%
41 Ray Allen 2,749
74%
55 Isiah Thomas 2,261
72%
38 Charles Barkley 2,833
70%
21 Elgin Baylor 3,623
70%
51 John Stockton 2,436
70%
40 Patrick Ewing 2,813
70%
49 Paul George 2,452
70%
68 Steve Nash 2,072
70%
99 Bobby Jones 1,800
68%
83 Carmelo Anthony 1,914
68%
62 Gary Payton 2,155
68%
30 James Worthy 3,022
68%
72 Jason Kidd 2,043
68%
36 Sam Jones 2,909
68%
65 Allen Iverson 2,111
66%
58 David Robinson 2,221
66%
23 Kevin McHale 3,182
64%
66 Pau Gasol 2,098
64%
33 Reggie Miller 2,972
64%
34 Clyde Drexler 2,963
62%
94 Donovan Mitchell 1,845
62%
57 George Gervin 2,223
62%
80 Gus Williams 1,929
62%
42 Jimmy Butler 2,745
62%
39 Robert Parish 2,820
62%
56 Bob Pettit 2,240
57%
48 Chauncey Billups 2,526
57%
78 Jamal Murray 1,936
57%
95 Kyle Lowry 1,836
57%
T84 Oscar Robertson 1,910
57%
37 Rick Barry 2,870
57%
86 Dwight Howard 1,909
55%
52 Rasheed Wallace 2,384
51%
77 Robert Horry 1,939
51%
53 Al Horford 2,353
49%
64 Derek Fisher 2,146
49%
87 Horace Grant 1,907
49%
82 Chet Walker 1,916
47%
61 Elvin Hayes 2,194
47%
81 Walt Frazier 1,927
47%
47 Richard Hamilton 2,571
38%
74 Freddie Lewis 2,023
32%
92 Hal Greer 1,876
32%
T96 Terry Porter 1,828
32%
50 Byron Scott 2,451
30%
88 Danny Ainge 1,902
28%
91 Dolph Schayes 1,887
26%
T84 Maurice Cheeks 1,910
26%
71 Tom Heinsohn 2,058
23%
67 Jeff Hornacek 2,092
21%
100 Artis Gilmore 1,768
17%
98 Jamaal Wilkes 1,820
15%
76 Bob Dandridge 1,967
13%
35 Dan Issel 2,934
13%
63 George McGinnis 2,153
13%
93 Sam Perkins 1,861
11%
90 Cliff Hagan 1,889
9%
89 Mel Daniels 1,901
6%
69 Zelmo Beaty 2,062
2%
No matching quizzes found
Score Distribution
Percent of People with Each Score
Percentile by Number Answered
Your Score History
You have not taken this quiz since the last reset